| 000 | 00732nas a2200241 4500 | ||
|---|---|---|---|
| 001 | BR8602017 | ||
| 003 | BR-BrBNA | ||
| 005 | 20231205090431.0 | ||
| 007 | ta | ||
| 008 | 230509b bl.|||p| |||| 00| 00por d | ||
| 040 |
_aBR-BrBNA _bpor _cBiblioteca Nacional de Agricultura |
||
| 041 | _a(Pt) | ||
| 072 | _aH01 | ||
| 100 | 1 | _aMatsunaga, A.K. | |
| 100 | 1 | _aUoneda, H. | |
| 100 | 1 | _aVasques, R.M.P. | |
| 245 | 1 | _aNiveis de hexaclorobenzeno em quintozene tecnico e formulado [fungicida] | |
| 650 | _aFUNGICIDA | ||
| 650 | _aCROMATOGRAFIA | ||
| 773 | 0 |
_tArquivos do Instituto Biologico (Brazil) _xISSN 0020-3653 _g(Jan-Dec 1984), v. 51(1-4) p. 1-5 _wBR8602017 |
|
| 909 |
_a202311 _bLúcia _c55 _dLúcia Elande |
||
| 942 |
_2AGRIS _n0 _cANA |
||
| 999 |
_c118389 _d118389 |
||